The sweetest sound (Record no. 140623)

MARC details
000 -LEADER
fixed length control field 00635nam a2200241 i 4500
001 - CONTROL NUMBER
control field C2-0343851
003 - CONTROL NUMBER IDENTIFIER
control field PPAK
005 - DATE AND TIME OF LATEST TRANSACTION
control field 20180728144907.0
008 - FIXED-LENGTH DATA ELEMENTS--GENERAL INFORMATION
fixed length control field 171127s2017 nyu |||| ||||| | eng d
020 ## - INTERNATIONAL STANDARD BOOK NUMBER
International Standard Book Number 9780316302951
040 ## - CATALOGING SOURCE
Original cataloging agency PPAK
Language of cataloging eng
Transcribing agency PPAK
Description conventions rda
082 04 - DEWEY DECIMAL CLASSIFICATION NUMBER
Classification number 823
Edition number 23
090 00 - LOCALLY ASSIGNED LC-TYPE CALL NUMBER (OCLC); LOCAL CALL NUMBER (RLIN)
Classification number (OCLC) (R) ; Classification number, CALL (RLIN) (NR) 823
Feature heading WIN
Feature heading K
100 1# - MAIN ENTRY--PERSONAL NAME
Personal name Winston, Sherri,
Relator term author
245 14 - TITLE STATEMENT
Title The sweetest sound
264 #1 - PRODUCTION, PUBLICATION, DISTRIBUTION, MANUFACTURE, AND COPYRIGHT NOTICE
Place of production, publication, distribution, manufacture New York :
Name of producer, publisher, distributor, manufacturer Little, Brown and Company ,
Date of production, publication, distribution, manufacture, or copyright notice 2017
300 ## - PHYSICAL DESCRIPTION
Extent 263 pages ;
Dimensions 20 cm
336 ## - CONTENT TYPE
Source rdacontent
Content type term text
337 ## - MEDIA TYPE
Source rdamedia
Media type term unmediated
338 ## - CARRIER TYPE
Source rdacarrier
Carrier type term volume
650 10 - SUBJECT ADDED ENTRY--TOPICAL TERM
Topical term or geographic name entry element English fiction.
942 ## - ADDED ENTRY ELEMENTS (KOHA)
-- dc
Koha item type Book
Holdings
Withdrawn Not for loan Current library Shelving location Date acquired Total Checkouts Total Renewals Full call number Barcode Date last seen Date last checked out Koha item type
    Perpustakaan Alor Setar Pinjaman Kanak-kanak 04/12/2017 11 3 K 823 WIN A01547996 01/02/2025 11/01/2025 Book
    Perpustakaan Awam Sungai Petani Pinjaman Kanak-kanak 04/12/2017 16   K 823 WIN A01547997 28/03/2026 07/03/2026 Book
    Perpustakaan Kulim Pinjaman Kanak-kanak 04/12/2017 6   K 823 WIN A01547998 07/10/2023 23/09/2023 Book